000 00319nam a22001337a 4500
008 170327b xxu||||| |||| 00| 0 eng d
020 _a0838578535
041 _aeng
080 _a615.83
100 _a8
101 _aSHM
245 _aPHYSICAL EXAMINATION OF THE SPINE AND EXTREMITIES
_cHOPPENFELD, S
942 _2udc
_cBK
999 _c8686
_d8686